000 00368nam a2200121Ia 4500
008 231129s9999||||xx |||||||||||||| ||spa||
020 _a84-7232-438-9
040 _bspa
082 _aV863 A784
245 0 _aArturo Uslar Pietri
264 _aEdiciones Cultura Hispanica del Instituto de Cooperacion Iberoamericana
942 _2ddc
_cBKS
999 _c5668
_d5668